[Event "Koge 3+ EMT"]
[Site "Koge"]
[Date "2013.04.16"]
[Round "5"]
[White "Christensen, Verner"]
[Black "Vesterskov, Michael"]
[Result "1-0"]
[WhiteElo "1850"]
[BlackElo "1733"]
[PlyCount "51"]
[EventDate "2013.02.12"]
[EventType "tourn"]
[EventRounds "7"]
[EventCountry "DEN"]
[SourceTitle "EXT 2023"]
[Source "ChessBase"]
[SourceDate "2022.10.05"]
[SourceVersion "1"]
[SourceVersionDate "2022.10.05"]
[SourceQuality "1"]

1. e4 c5 2. d4 cxd4 3. c3 e5 4. Bc4 Bc5 5. Nf3 Nc6 6. 0-0 h6 7. b4 Bb6 8. b5 Na5 9. Bxf7+ Kxf7 10. Nxe5+ Ke6 11. cxd4 Nf6 12. d5+ Kxe5 13. Bf4+ Kxf4 14. Qf3+ Ke5 15. Qg3+ Kd4 16. Qe3+ Ke5 17. Qg3+ Kd4 18. Rd1+ Kc5 19. Rc1+ Kd4 20. Rd1+ Kc5 21. Qa3+ Kxb5 22. Qd3+ Kc5 23. e5 Bc7 24. Qd4+ Kb5 25. Na3+ Ka6 26. Qd3+ 1-0

[Event "Koge Spring"]
[Site "Koge"]
[Date "2003.06.03"]
[Round "5"]
[White "Vesterskov, Michael"]
[Black "Orup, Kim"]
[Result "1-0"]
[WhiteElo "1631"]
[BlackElo "1554"]
[PlyCount "125"]
[EventDate "2003.05.06"]
[EventType "tourn"]
[EventRounds "5"]
[EventCountry "DEN"]
[SourceTitle "EXT 2023"]
[Source "ChessBase"]
[SourceDate "2022.10.05"]
[SourceVersion "1"]
[SourceVersionDate "2022.10.05"]
[SourceQuality "1"]

1. d4 f5 2. c4 Nf6 3. Nc3 e6 4. e3 b6 5. Nf3 Bb7 6. Be2 Ne4 7. Bd2 g5 8. Nxe4 Bxe4 9. Ne5 g4 10. f3 gxf3 11. Bxf3 Qh4+ 12. g3 Bxf3 13. Qxf3 Qe4 14. Qh5+ Kd8 15. 0-0-0 Kc8 16. Qe8+ Kb7 17. Nf7 Nc6 18. Qxd7 Be7 19. d5 Qxc4+ 20. Bc3 exd5 21. Nxh8 Rxh8 22. Qxf5 Nb4 23. Rd4 Nxa2+ 24. Kd2 Rf8 25. Qxd5+ Qxd5 26. Rxd5 Rf2+ 27. Kd3 Nxc3 28. bxc3 Bd6 29. e4 Kc6 30. Rf5 Rxf5 31. exf5 Be5 32. Re1 Kd5 33. Re4 a5 34. g4 Bxh2 35. f6 Bd6 36. f7 c5 37. Re8 c4+ 38. Kc2 b5 39. f8Q Bxf8 40. Rxf8 Kc5 41. Rh8 b4 42. cxb4+ axb4 43. Rxh7 Kd4 44. Rd7+ Ke5 45. Rb7 b3+ 46. Kc3 Kf4 47. Kxc4 Kxg4 48. Rxb3 Kf4 49. Rd3 Ke4 50. Rd1 Ke3 51. Rd4 Kf3 52. Kd3 Kf2 53. Rf4+ Kg3 54. Ke3 Kg2 55. Rg4+ Kf1 56. Kf3 Ke1 57. Rg2 Kf1 58. Ra2 Ke1 59. Rh2 Kd1 60. Ke3 Kc1 61. Kd3 Kb1 62. Kc3 Ka1 63. Kb3 1-0